| Tag |
First Indicator |
Second Indicator |
Subfields |
| LEADER |
00000cam a2200000 i 4500 |
| 001 |
in00000077619 |
| 005 |
20151008053808.0 |
| 008 |
800701s1979 onc b 00110 eng |
| 010 |
|
|
|a 80483271
|
| 015 |
|
|
|a C***
|
| 020 |
|
|
|a 0919936512
|
| 035 |
|
|
|a (OCoLC)06556859
|
| 035 |
|
|
|9 AAH8675AM
|
| 040 |
|
|
|a DLC
|c DLC
|d m.c.
|d TXA
|d UtOrBLW
|
| 049 |
|
|
|a TXAM
|
| 050 |
0 |
0 |
|a BJ1474
|b .C35
|
| 082 |
0 |
|
|a 171/.9
|2 19
|
| 100 |
1 |
|
|a Campbell, Richmond.
|
| 245 |
1 |
0 |
|a Self-love and self-respect :
|b a philosophical study of egoism /
|c by Richmond Campbell.
|
| 264 |
|
1 |
|a Ottawa :
|b Published for the Canadian Association for Publishing in Philosophy by the Department of Philosophy of Carleton University,
|c 1979.
|
| 300 |
|
|
|a vii, 335 pages ;
|c 23 cm.
|
| 336 |
|
|
|a text
|b txt
|2 rdacontent
|
| 337 |
|
|
|a unmediated
|b n
|2 rdamedia
|
| 338 |
|
|
|a volume
|b nc
|2 rdacarrier
|
| 490 |
1 |
|
|a Canadian library of philosophy
|
| 500 |
|
|
|a Includes index.
|
| 504 |
|
|
|a Bibliography: pages 321-326.
|
| 650 |
|
0 |
|a Egoism.
|
| 650 |
|
0 |
|a Self-acceptance.
|
| 650 |
|
0 |
|a Self-esteem.
|
| 830 |
|
0 |
|a Canadian library of philosophy.
|
| 999 |
|
|
|a MARS
|
| 999 |
f |
f |
|s fb8e2ed7-8256-38f3-a932-a41a2dc28b4e
|i 9ff0f937-4ba6-397d-a2b3-7900bfa07e8d
|t 0
|
| 952 |
f |
f |
|p ric
|a Texas A&M University
|b Rellis Campus
|c Joint Library Facility
|d Remote Storage
|t 0
|e BJ1474 .C35
|h Library of Congress classification
|i unmediated -- volume
|m A14806089083
|
| 998 |
f |
f |
|a BJ1474 .C35
|t 0
|l Remote Storage
|